| 000 | 00561nam a2200181 i 4500 | ||
|---|---|---|---|
| 001 | 61938 | ||
| 003 | ES-MaACL | ||
| 005 | 20251018063046.0 | ||
| 007 | t| | ||
| 008 | 031114s1961 ag ||||1| spa d | ||
| 100 | 1 |
_aFaulkner, William, _d1897-1962 _9242365 |
|
| 245 | 1 | 3 |
_aLa mansión / _cWilliam Faulkner ; [traducción de Jorge Ferrer-Vidal]. |
| 260 |
_aBuenos Aires : _bPlaza & Janés, _c[1961] |
||
| 300 |
_a496 p. ; _c19 cm. |
||
| 700 | 1 |
_aFerrer-Vidal, Jorge, _d1926- _950501 |
|
| 852 |
_aES-MaACL _jC-20985 _bR.49291 |
||
| 999 |
_c61938 _d61938 |
||